000 00503nam a2200169Ia 4500
999 _c24747
_d24747
003 OSt
005 20210104124248.0
008 190216s9999||||xx |||||||||||||| ||und||
040 _coclc
082 _a894.8121
_bMEN/K
100 _aMenon, Vyloppilli Sreedhara
_96757
245 0 _aKadal Kakkakal /
_cVyloppilli Sreedhara Menon
260 _bNational Book Stall,
_c1964.
_aTrissur:
300 _a135p
650 _aKavithkal
942 _cBK
_2ddc
_h894.8121
_iMEN/K
_k894.8121
_mMEN/K